Ibss: Political Science: 1991 / (Record no. 616649)

MARC details
000 -LEADER
fixed length control field 00729nam a2200169Ia 4500
008 - FIXED-LENGTH DATA ELEMENTS--GENERAL INFORMATION
fixed length control field 260302s9999 xx 000 0 und d
020 ## - INTERNATIONAL STANDARD BOOK NUMBER
ISBN 9780415074621
082 ## - DEWEY DECIMAL CLASSIFICATION NUMBER
Classification number 338.9105
Item number BRI.40
100 ## - MAIN ENTRY--AUTHOR NAME
Personal name Science, British Library of Political and Economic
245 #0 - TITLE STATEMENT
Title Ibss: Political Science: 1991 /
Statement of responsibility, etc Science, British Library of Political and Economic
260 ## - PUBLICATION, DISTRIBUTION, ETC. (IMPRINT)
Name of publisher Psychology Press,
Year of publication 1993
300 ## - PHYSICAL DESCRIPTION
Number of Pages 554 pages
520 ## - SUMMARY, ETC.
Summary, etc IBSS is the essential tool for librarians, university departments, research institutions and any public or private institution whose work requires access to up-to-date and comprehensive knowledge of the social sciences.
650 ## - SUBJECT ADDED ENTRY--TOPICAL TERM
Topical Term Political Science
942 ## - ADDED ENTRY ELEMENTS (KOHA)
Koha item type English Books
Holdings
Withdrawn status Lost status Damaged status Not for loan Home library Current library Shelving location Date acquired Full call number Accession Number Price effective from Koha item type
        Anna Centenary Library Anna Centenary Library 4TH FLOOR, A WING 02.03.2026 338.9105 BRI.40 258830 02.03.2026 English Books

Find us on the map